Personnages de jeux-vidéo en images - H - Statistiques

Statistiques générales
  • Ce quiz a été pris 199 fois
  • Le résultat moyen est 4 sur 14
Statistiques - réponses
Par images Réponse % Correct
Harmonie
92%
Hadès
66%
Hanzo Shimada
48%
Hélio
39%
Hecarim
30%
Henry Stickmin
24%
Hornet
20%
Heihachi Michima
17%
Hero
11%
Harry Mason
8%
Sir Alistair Hammerlock
6%
Hat Kid
5%
Haohmaru
1%
Haseo
0%
Aucun quiz correspondant
Distribution des résultats
% des personnes avec chaque résultat
Percentile par nombre de réponses
Votre historique - résultats
Vous n’avez pas pris ce quiz